Villes par stades de football - Statistiques

Statistiques générales
  • Ce quiz a été pris 367 fois
  • Le résultat moyen est 9 sur 16
Statistiques - réponses
Stade Ville % Correct
Parc des Princes Paris
97%
Stamford Bridge Londres
96%
Johan Cruyff ArenA Amsterdam
92%
Celtic Park Glasgow
81%
Stade Bollaert Lens
80%
Stadio Olimpico Rome
77%
Estadio do Dragao Porto
71%
Estadio Alberto J. Armando (Bombonera) Buenos Aires
61%
Villa Park Birmingham
54%
Ramon Sanchez Pizjuan Seville
51%
Mestalla Valence
51%
Olympiastadion Berlin
47%
Donbass Arena Donetsk
43%
RheinEnergieStadion Cologne
21%
San Nicola Bari
11%
Lumen Field Seattle
8%
Aucun quiz correspondant
Distribution des résultats
% des personnes avec chaque résultat
Percentile par nombre de réponses
Votre historique - résultats
Vous n’avez pas pris ce quiz